Welcome to CU Library Online Public Access Catalogue (OPAC)

Enfleshing freedom : (Record no. 9364)

MARC details
000 -LEADER
fixed length control field 00708cam a2200217 i 4500
001 - CONTROL NUMBER
control field 23178703
005 - DATE AND TIME OF LATEST TRANSACTION
control field 20260421144452.0
008 - FIXED-LENGTH DATA ELEMENTS--GENERAL INFORMATION
fixed length control field 230609t20232023mnu b 001 0 eng
020 ## - INTERNATIONAL STANDARD BOOK NUMBER
International Standard Book Number 9781506463254
Qualifying information (paperback)
020 ## - INTERNATIONAL STANDARD BOOK NUMBER
Canceled/invalid ISBN 9781506463261
Qualifying information (eBook)
050 00 - LIBRARY OF CONGRESS CALL NUMBER
Classification number BT702
Item number .C67 2023
082 00 - DEWEY DECIMAL CLASSIFICATION NUMBER
Classification number 233.089/96073
Edition information 22
100 1# - MAIN ENTRY--PERSONAL NAME
Personal name Copeland, M. Shawn
Fuller form of name (Mary Shawn)
245 10 - TITLE STATEMENT
Title Enfleshing freedom :
Remainder of title body, race, and being /
Statement of responsibility, etc. M. Shawn Copeland.
250 ## - EDITION STATEMENT
Edition statement Second edition.
300 ## - PHYSICAL DESCRIPTION
Extent xvi, 203 pages ;
Dimensions 23 cm
650 #0 - SUBJECT ADDED ENTRY--TOPICAL TERM
Topical term or geographic name entry element Theological anthropology
General subdivision Christianity.
650 #0 - SUBJECT ADDED ENTRY--TOPICAL TERM
Topical term or geographic name entry element Human body
General subdivision Religious aspects
-- Christianity.
650 #0 - SUBJECT ADDED ENTRY--TOPICAL TERM
Topical term or geographic name entry element African American women
General subdivision Religious life.
942 ## - ADDED ENTRY ELEMENTS (KOHA)
Source of classification or shelving scheme Library of Congress Classification
Koha item type Books
Suppress in OPAC No
999 ## -
-- 9364
-- 9364
Holdings
Withdrawn status Lost status Source of classification or shelving scheme Damaged status Not for loan Collection Home library Current library Shelving location Date acquired Total checkouts Full call number Barcode Date last seen Price effective from Koha item type
    Library of Congress Classification     Non-fiction Main Library (Kumasi) Main Library (Kumasi) General stacks 04/21/2026   BT702.C67 COP bssk00000096 04/21/2026 04/21/2026 Books
© 2023-2024 Copyright: Central University Libraries. All Rights Reserved | Created by: Mahone Tech Office